000 00613nam a2200229 a 4500
001 1991402
005 20180306034211.0
008 891208s1989 sz a c 000 0 ger
010 _a 89214879
020 _a3258040702
040 _aDLC
_cDLC
041 _aeng
043 _an-us-ca
080 _a709.04507479419 RON
082 0 0 _a709.04507479419 RON
_220
100 1 _a44
101 _aART
245 1 0 _aHess Collection /
_cDieter Ronte.
906 _a7
_bcbc
_corignew
_d3
_encip
_f19
_gy-gencatlg
942 _2ddc
_cBK
999 _c44135
_d44135